Normal view
MARC view
- Dooley Thomas
Entry Personal Name
001 - CONTROL NUMBER
- control field: 7058
003 - CONTROL NUMBER IDENTIFIER
- control field: OSt
005 - DATE AND TIME OF LATEST TRANSACTION
- control field: 20190219111840.0
008 - FIXED-LENGTH DATA ELEMENTS
- fixed length control field: 190219|| aca||aabn | a|a d
040 ## - CATALOGING SOURCE
- Original cataloging agency: OSt
- Transcribing agency: OSt
100 ## - HEADING--PERSONAL NAME
- Personal name: Dooley Thomas
670 ## - SOURCE DATA FOUND
- Source citation: Work cat.: (OSt): Dooley Thomas, Soccer Dribbling and Feinting, 2010